| 000 | 00391nam a2200157 a 4500 | ||
|---|---|---|---|
| 005 | 20140414131901.0 | ||
| 008 | 100918s19uu xx 00 eng d | ||
| 050 |
_aM 813.54 _bC77 1992 |
||
| 100 | _aCooney, Caroline B. | ||
| 245 | _aFreeze tag. | ||
| 260 |
_aLondon : _bScholastic, _c1992. |
||
| 650 | _aHorror fiction | ||
| 650 | _aSuspense fiction | ||
| 999 |
_c110670 _d110670 |
||